EXAMPLES IN ENGINEERING DRAWING AND DESIGN (Record no. 568261)

000 -LEADER
fixed length control field 00251nam a22001097a 4500
082 ## - DEWEY DECIMAL CLASSIFICATION NUMBER
Classification number 604.2 BIN'E
100 ## - MAIN ENTRY--PERSONAL NAME
Personal name BINNS, H
9 (RLIN) 58038
245 ## - TITLE STATEMENT
Title EXAMPLES IN ENGINEERING DRAWING AND DESIGN
250 ## - EDITION STATEMENT
Edition statement VOL-3
260 ## - PUBLICATION, DISTRIBUTION, ETC.
Place of publication, distribution, etc. LONDON
Name of publisher, distributor, etc. EUP
Date of publication, distribution, etc. 1958
942 ## - ADDED ENTRY ELEMENTS (KOHA)
Koha item type Book
Holdings
Withdrawn status Lost status Source of classification or shelving scheme Damaged status Not for loan Permanent Location Current Location Shelving location Date acquired Full call number Barcode Date last seen Price effective from Koha item type Public note
          College of Electrical & Mechanical Engineering (CEME) College of Electrical & Mechanical Engineering (CEME) General Stacks 07/14/2017 604.2 BIN'E CEME-3426 06/28/2021 06/28/2021 Book 3.8
© 2023 Central Library, National University of Sciences and Technology. All Rights Reserved.